Obálka Náhled e-knihy:
PDF Epub
Pro půjčování e-knih musíte být přihlášeni.
Jak si půjčit online?

Prečo sú dánski tínedžeri šťastní? /

Ak ste čítali bestseller Prečo sú dánske deti šťastné?, určite ste už objavili tajomstvo najšťastnejších detí na svete. Ako však dosiahnuť, aby sa zo šťastných detí stali šťastní tínedžeri? Pôvodný zoznam pilierov dánskej filozofie rodičovstva je doplnený o ďalšie štyri, ktoré sú kľúčové v období do...

Celý popis

Uloženo v:
Hlavní autor: Dissing Sandahl, Iben (Autor)
Médium: E-kniha
Jazyk:Czech
Vydáno: Praha : Albatros Media Slovakia s.r.o., 2025
Tagy:
Žádné tagy
LEADER 01607nam a22002297i 4500
001 303227
007 ta
008 260518s2025 xr ||||| |||| 00| 0 cze d
020 |a 9788056645543 
044 |a xr 
100 1 |a  Dissing Sandahl, Iben  |4 aut 
245 1 0 |a Prečo sú dánski tínedžeri šťastní? /  |c  Dissing Sandahl, Iben 
240 1 0 |a The Danish Way of Raising Teens 
264 1 |a Praha :  |b Albatros Media Slovakia s.r.o.,  |c 2025 
300 |a 1 online zdroj (272 stran) 
336 |a text  |b txt  |2 rdacontent 
337 |a bez média  |b n  |2 rdamedia 
338 |a online zdroj  |b cr  |2 rdacarrier 
520 2 |a Ak ste čítali bestseller Prečo sú dánske deti šťastné?, určite ste už objavili tajomstvo najšťastnejších detí na svete. Ako však dosiahnuť, aby sa zo šťastných detí stali šťastní tínedžeri? Pôvodný zoznam pilierov dánskej filozofie rodičovstva je doplnený o ďalšie štyri, ktoré sú kľúčové v období dospievania. Táto kniha, písaná citlivo a povzbudivo, vám pomôže podporiť vaše dieťa v tomto formatívnom období, ktoré je často zahalené obavami, a ukáže vám cestu vpred plnú nádeje, pozitívnosti a radosti. 
910 |a RBIT002 
998 |d 426903  |a https://core.palmknihy.cz/api/books/426903/cover?tesghg  |b https://core.palmknihy.cz/api/books/426903/cover/400?tesghg  |c https://core.palmknihy.cz/api/books/426903/cover/50?tesghg  |e 2029-06-17  |g 272  |i 9788056645543  |j https://core.palmknihy.cz/api/books/426903/preview.epub  |k https://core.palmknihy.cz/api/books/426903/preview.pdf  |l   |q 49  |r 1  |s https://www.palmknihy.cz/kniha/426903  |t ebook  |y 2025  |z 1 
999 |d 303225